Loading...
Thavalamillathavar /
| Main Author: | |
|---|---|
| Language: | Undetermined |
| Published: |
Kottayam :
DC B ,
1994.
|
| Subjects: |
| LEADER | 00547nam a2200181Ia 4500 | ||
|---|---|---|---|
| 001 | 153431 | ||
| 008 | 170722s9999 xx 000 0 und d | ||
| 020 | |a 8171304311 | ||
| 100 | |a Cour, Ajeet | ||
| 245 | |a Thavalamillathavar / | ||
| 260 | |a Kottayam : |b DC B , |c 1994. | ||
| 300 | |a 151 p. | ||
| 653 | |a Fiction | ||
| 653 | |a Punjabi Literature | ||
| 923 | |d 20070925 |n 000184 | ||
| 942 | |c GEN | ||
| 999 | |c 136058 |d 136058 | ||
| 952 | |0 0 |1 0 |4 0 |6 O_1533N34W1_32P7 |7 0 |9 191970 |a LIB |b LIB |d 2013-03-25 |e D C Books |o O153,3N34w,1 32P7 |p 266030 |r 2017-08-12 |v 37.00 |w 2017-08-12 |y GEN | ||